[Event "NBSB-chB"]
[Site "Roosendaal"]
[Date "2009.08.29"]
[Round "2"]
[White "Obels, Pepijn"]
[Black "Zwaan, Peter"]
[Result "1/2-1/2"]
[WhiteElo "1863"]
[BlackElo "1791"]
[PlyCount "114"]
[EventDate "2009.08.28"]
[EventType "swiss (rapid)"]
[EventRounds "6"]
[EventCountry "NED"]
[SourceTitle "CBM 132 Extra"]
[Source "ChessBase"]
[SourceDate "2009.11.03"]
[SourceVersion "1"]
[SourceVersionDate "2009.11.03"]
[SourceQuality "1"]

1. e4 c5 2. d4 cxd4 3. c3 g6 4. cxd4 Bg7 5. Nc3 d6 6. Nf3 Bg4 7. Bc4 Nf6 8. 0-0 Nbd7 9. h3 Bxf3 10. Qxf3 0-0 11. Be3 a6 12. a3 e6 13. Rac1 Rc8 14. Bd3 Qa5 15. Qg3 Qb6 16. d5 Qxb2 17. dxe6 fxe6 18. Qxd6 Rxc3 19. Qxe6+ Kh8 20. Bd4 Qxc1 21. Rxc1 Rxc1+ 22. Kh2 Rc6 23. Qb3 Rd6 24. Be3 b5 25. Be2 Nxe4 26. Qb4 Nxf2 27. Kg1 Re6 28. Qd2 Rfe8 29. Bxf2 Rxe2 30. Qxd7 R2e6 31. Bd4 Bxd4+ 32. Qxd4+ Kg8 33. Qa7 R8e7 34. Qa8+ Kg7 35. Qc8 h5 36. Kh2 Re8 37. Qc7+ Kh6 38. Qa7 R8e7 39. Qa8 Kg7 40. Qc8 Rf6 41. Qc5 Ref7 42. Qc8 a5 43. Qa8 a4 44. Qd5 Rf5 45. Qd4+ Kh7 46. Qb6 Re7 47. Qd6 Rfe5 48. Qb6 Kh6 49. Qb8 Re8 50. Qb6 Rc8 51. Qf2 Rf5 52. Qe3+ Kg7 53. Qe7+ Kh8 54. Qd7 Rcc5 55. Qe6 Kg7 56. Qe7+ Kh6 57. Qe3+ Kg7 1/2-1/2